| 000 | 01590nam a2200289 a 4500 | ||
|---|---|---|---|
| 001 | ASIN1420080695 | ||
| 003 | Nust- CAS-E | ||
| 005 | 20180118181355.0 | ||
| 008 | 140228s2008 xxu eng d | ||
| 020 |
_a1420080695 _c$229.95 |
||
| 020 | _a9781420080698 | ||
| 040 | _c0 | ||
| 050 | 0 | 4 | _aTJ808 |
| 082 | 0 | 4 |
_a621.042 _bJEF 2008 |
| 100 | 1 | _4Jeff, Eric | |
| 245 | 1 | 0 |
_aGenerating power at high efficiency : _bcombined cycle technology for sustainable energy production / _cE. Jeffs. |
| 260 |
_a[S.l.] : _bCRC Press, _c2008. |
||
| 300 |
_a216 p. ; _c24 cm. |
||
| 520 | _aDrawn from a wealth of experience and examples from around the world, this book reviews key developments in combined cycle technology that help to ensure sustainable energy production. It traces the early development of the combined cycle in Europe and North America to achieve higher efficiency of power generation. The text reviews the development of gas turbines, discusses improvements in steam generator design, and examines the more specialized option of repowering steam turbines. It also describes the development of combined heat and power technology, explores three technologies for coal burning turbines, and examines the issues that are shaping the energy system of the future. | ||
| 650 | 0 | _aEnergy consumption | |
| 650 | 0 | _aIntegrated gasification combined cycle power plants | |
| 650 | 0 | _aPower resources | |
| 650 | 0 | _aRenewable energy sources | |
| 700 | 1 | _aJeffs, E. | |
| 856 | 4 | 0 |
_3Amazon.com _uhttp://www.amazon.com/exec/obidos/ASIN/1420080695/chopaconline-20 |
| 942 |
_2ddc _cBK |
||
| 999 |
_c355273 _d355273 |
||